Järvenpään kaupunginosat kartalla - Statistics

Yleistilastot
  • Tätä visaa on pelattu 189 kertaa
  • Keskiarvotulos 15 / 25
Vastaukset kartalla
Vastauksille on annettu kartalla punavihreä väri sen mukaan, kuinka moni on saanut sen oikein.
 
Vastaustilastot
Vastaus % Oikein
Keskus
93%
Jamppa
89%
Saunakallio
86%
Haarajoki
84%
Kinnari
79%
Kyrölä
79%
Pajala
69%
Ristinummi
65%
Peltola
64%
Loutti
62%
Nummenkylä
62%
Satukallio
62%
Lepola
60%
Kaakkola
54%
Terhola
53%
Isokytö
51%
Sorto
51%
Mikonkorpi
47%
Vanhakylä
47%
Wärtsilä
46%
Pöytäalho
42%
Terioja
39%
Satumetsä
38%
Mylly
32%
Pietilä
32%
Ehtoja vastaavia visoja ei löytynyt
Tulosjakauma
Jokaisen tuloksen saaneiden osuus
Persentiili vastausten määrän mukaan
Tuloshistoriasi
Et ole pelannut tätä visaa